[Event "Polanica Zdroj op-D 56th"]
[Site "Polanica Zdroj"]
[Date "2020.08.23"]
[Round "9"]
[White "Wolska, Marta"]
[Black "Sidlo, Szymon"]
[Result "0-1"]
[WhiteElo "1551"]
[BlackElo "1396"]
[PlyCount "66"]
[EventDate "2020.08.15"]
[EventType "swiss"]
[EventRounds "9"]
[EventCountry "POL"]
[SourceTitle "CBM 198 Extra"]
[Source "ChessBase"]
[SourceDate "2020.11.30"]
[SourceVersion "1"]
[SourceVersionDate "2020.11.30"]
[SourceQuality "1"]

1. d4 e6 2. c4 d5 3. Nc3 c5 4. cxd5 exd5 5. Nf3 Nc6 6. g3 Nf6 7. Bg2 Be6 8. 0-0 Be7 9. a3 0-0 10. Bg5 c4 11. Re1 Na5 12. Bxf6 Bxf6 13. e4 Nb3 14. Ra2 dxe4 15. Nxe4 Bxd4 16. Neg5 Qb6 17. Qc2 g6 18. Nxe6 fxe6 19. Nxd4 Nxd4 20. Qd2 Rad8 21. Qe3 Rd6 22. Rc1 Qb3 23. Qe5 Qxa2 24. Qxd6 Qxb2 25. Rf1 Qb6 26. Qxb6 axb6 27. Bxb7 c3 28. Kg2 c2 29. Rc1 Rf5 30. Be4 Rc5 31. f3 Rc3 32. a4 Rc4 33. Bd3 Rxa4 0-1

[Event "Polanica Zdroj op-D 56th"]
[Site "Polanica Zdroj"]
[Date "2020.08.21"]
[Round "7"]
[White "Wolska, Marta"]
[Black "Kaczanowski, Pawel"]
[Result "0-1"]
[WhiteElo "1551"]
[BlackElo "1655"]
[PlyCount "50"]
[EventDate "2020.08.15"]
[EventType "swiss"]
[EventRounds "9"]
[EventCountry "POL"]
[SourceTitle "CBM 198 Extra"]
[Source "ChessBase"]
[SourceDate "2020.11.30"]
[SourceVersion "1"]
[SourceVersionDate "2020.11.30"]
[SourceQuality "1"]

1. d4 Nf6 2. c4 e6 3. Nc3 Bb4 4. Qc2 0-0 5. e4 c5 6. d5 exd5 7. cxd5 d6 8. f3 Nbd7 9. a3 Ba5 10. Bd2 a6 11. Nge2 Ne5 12. Ng3 b5 13. Be2 c4 14. f4 Ned7 15. Nf5 Nc5 16. Nd4 Bxc3 17. Bxc3 Nfxe4 18. 0-0 Nxc3 19. Qxc3 Qf6 20. Rad1 Bf5 21. g4 Na4 22. Qd2 Bd3 23. Qe3 Rae8 24. Qf2 Bxe2 25. Nxe2 Qxb2 0-1

[Event "Wroclaw op-B 8th"]
[Site "Wroclaw"]
[Date "2013.07.02"]
[Round "2"]
[White "Kowalczyk, Mariusz"]
[Black "Wolska, Marta"]
[Result "1-0"]
[WhiteElo "1962"]
[BlackElo "1578"]
[PlyCount "51"]
[EventDate "2013.07.01"]
[EventType "swiss"]
[EventRounds "9"]
[EventCountry "POL"]
[SourceTitle "EXT 2014"]
[Source "ChessBase"]
[SourceDate "2013.11.20"]
[SourceVersion "1"]
[SourceVersionDate "2013.11.20"]
[SourceQuality "1"]

1. e4 c6 2. d4 d5 3. Nc3 dxe4 4. Nxe4 Bf5 5. Ng3 Bg6 6. Nh3 h6 7. Nf4 Bh7 8. Bc4 Nf6 9. 0-0 Nbd7 10. Re1 Nb6 11. Bb3 Nbd5 12. c4 Nxf4 13. Bxf4 a5 14. d5 g5 15. Be3 Bg7 16. Bc5 Bf8 17. Qf3 Nd7 18. Bd4 Rg8 19. dxc6 bxc6 20. c5 Bg6 21. Qxc6 Rc8 22. Qd5 Nxc5 23. Qxc5 Rxc5 24. Ba4+ Qd7 25. Bxd7+ Kxd7 26. Bxc5 1-0

[Event "Wroclaw op-B 8th"]
[Site "Wroclaw"]
[Date "2013.07.01"]
[Round "1"]
[White "Wolska, Marta"]
[Black "Szymanska, Emilia"]
[Result "1-0"]
[WhiteElo "1578"]
[BlackElo "1119"]
[PlyCount "39"]
[EventDate "2013.07.01"]
[EventType "swiss"]
[EventRounds "9"]
[EventCountry "POL"]
[SourceTitle "EXT 2014"]
[Source "ChessBase"]
[SourceDate "2013.11.20"]
[SourceVersion "1"]
[SourceVersionDate "2013.11.20"]
[SourceQuality "1"]

1. d4 d5 2. c4 dxc4 3. Nc3 Nf6 4. e4 e6 5. Bxc4 Bb4 6. Bg5 h6 7. Bxf6 Qxf6 8. Nge2 0-0 9. 0-0 Nc6 10. a3 Ba5 11. Ba2 Rd8 12. e5 Qg6 13. f4 f6 14. f5 Qe8 15. exf6 gxf6 16. Rf4 Kf8 17. fxe6 Qe7 18. Nd5 Qg7 19. Rxf6+ Ke8 20. Nef4 1-0

[Event "Wroclaw op-B 6th"]
[Site "Wroclaw"]
[Date "2011.07.06"]
[Round "4"]
[White "Mencfel, Artur"]
[Black "Wolska, Marta"]
[Result "0-1"]
[WhiteElo "1773"]
[BlackElo "1625"]
[PlyCount "50"]
[EventDate "2011.07.04"]
[EventType "swiss"]
[EventRounds "9"]
[EventCountry "POL"]
[SourceTitle "EXT 2023"]
[Source "ChessBase"]
[SourceDate "2022.10.05"]
[SourceVersion "1"]
[SourceVersionDate "2022.10.05"]
[SourceQuality "1"]

1. d4 Nf6 2. c4 e6 3. Nf3 Bb4+ 4. Bd2 Bxd2+ 5. Nbxd2 d5 6. Rc1 0-0 7. e3 b6 8. Be2 Nbd7 9. 0-0 Bb7 10. c5 c6 11. b4 Re8 12. Qb3 e5 13. dxe5 Nxe5 14. Nxe5 Rxe5 15. Nf3 Re8 16. Nd4 Ne4 17. Qc2 Rc8 18. Bd3 g6 19. f3 Nf6 20. Qf2 Qe7 21. Rfe1 bxc5 22. Rxc5 Nd7 23. Ra5 Qxb4 24. Rxa7 Qb6 25. Ra3 Nc5 0-1

[Event "Wroclaw op-B 6th"]
[Site "Wroclaw"]
[Date "2011.07.05"]
[Round "2"]
[White "Lachowicz, Tomasz"]
[Black "Wolska, Marta"]
[Result "1-0"]
[WhiteElo "1894"]
[BlackElo "1625"]
[PlyCount "45"]
[EventDate "2011.07.04"]
[EventType "swiss"]
[EventRounds "9"]
[EventCountry "POL"]
[SourceTitle "EXT 2023"]
[Source "ChessBase"]
[SourceDate "2022.10.05"]
[SourceVersion "1"]
[SourceVersionDate "2022.10.05"]
[SourceQuality "1"]

1. e4 d5 2. exd5 Qxd5 3. Nf3 Bg4 4. Be2 c6 5. 0-0 Nf6 6. c4 Qd6 7. Nc3 Nbd7 8. d4 e6 9. Be3 Bxf3 10. Bxf3 Qb4 11. Qe2 Be7 12. a3 Qa5 13. b4 Qd8 14. Rfd1 Rc8 15. Rac1 a5 16. d5 cxd5 17. cxd5 exd5 18. Nxd5 Rxc1 19. Bxc1 0-0 20. Nxe7+ Kh8 21. Nf5 axb4 22. axb4 Qb6 23. Qe7 1-0

[Event "Wroclaw op-B 6th"]
[Site "Wroclaw"]
[Date "2011.07.04"]
[Round "1"]
[White "Wolska, Marta"]
[Black "Dadello, Aleksandra"]
[Result "1-0"]
[WhiteElo "1625"]
[BlackElo "1811"]
[PlyCount "73"]
[EventDate "2011.07.04"]
[EventType "swiss"]
[EventRounds "9"]
[EventCountry "POL"]
[SourceTitle "EXT 2023"]
[Source "ChessBase"]
[SourceDate "2022.10.05"]
[SourceVersion "1"]
[SourceVersionDate "2022.10.05"]
[SourceQuality "1"]

1. d4 d5 2. c4 e6 3. Nc3 Nf6 4. Bg5 Be7 5. Nf3 0-0 6. e3 h6 7. Bxf6 Bxf6 8. cxd5 exd5 9. Be2 c6 10. 0-0 Bf5 11. b4 Nd7 12. Rc1 Rc8 13. b5 Nb6 14. bxc6 Rxc6 15. Qb3 a6 16. a4 Qd7 17. a5 Nc4 18. Nxd5 Nxa5 19. Qa2 Bd8 20. Ne5 Qe6 21. Nxc6 Nxc6 22. Bc4 Qg6 23. Nf4 Qd6 24. Be2 Bc7 25. Qd5 g5 26. Qxf5 gxf4 27. Bd3 Re8 28. Bc4 Re7 29. exf4 Nxd4 30. Qg4+ Kh8 31. Rfe1 Ne6 32. g3 b5 33. Rcd1 Qb6 34. Qh4 Nd4 35. Qxe7 Nf3+ 36. Kf1 Nxe1 37. Qf8+ 1-0

[Event "POL-chT (Women) 3rd"]
[Site "Wroclaw"]
[Date "2010.11.14"]
[Round "5"]
[White "Adamowicz, Katarzyna"]
[Black "Wolska, Marta"]
[Result "1-0"]
[WhiteElo "2147"]
[BlackElo "1616"]
[PlyCount "65"]
[EventDate "2010.11.09"]
[EventType "team-tourn"]
[EventRounds "5"]
[EventCountry "POL"]
[SourceTitle "EXT 2019"]
[Source "ChessBase"]
[SourceDate "2018.10.10"]
[SourceVersion "1"]
[SourceVersionDate "2018.10.10"]
[SourceQuality "1"]
[WhiteTeam "Koszalin Hetman Politechnika (W)"]
[BlackTeam "Wroclaw MUKS MDK Srodmiescie (W)"]
[WhiteTeamCountry "POL"]
[BlackTeamCountry "POL"]

1. e4 c6 2. d4 d5 3. Nc3 dxe4 4. Nxe4 Bf5 5. Ng3 Bg6 6. h4 h6 7. h5 Bh7 8. Nf3 Nd7 9. Bd3 Bxd3 10. Qxd3 e6 11. Bf4 Qa5+ 12. Bd2 Qc7 13. Qe2 0-0-0 14. 0-0-0 Ngf6 15. c4 c5 16. Ne5 Nxe5 17. dxe5 Nd7 18. f4 Be7 19. Kb1 Nb8 20. Be3 Qc6 21. Qc2 Na6 22. a3 Rxd1+ 23. Rxd1 Rd8 24. Rxd8+ Bxd8 25. Ne4 Be7 26. g4 Kc7 27. Ka2 b5 28. cxb5 Qxb5 29. f5 exf5 30. gxf5 Qc6 31. Nc3 Qd7 32. Qb3 Qc6 33. Qxf7 1-0

[Event "POL-chT U19 1st League"]
[Site "Suchedniow"]
[Date "2010.07.13"]
[Round "8"]
[White "Wolska, Marta"]
[Black "Chrzaszcz, Malvina"]
[Result "1-0"]
[WhiteElo "1622"]
[BlackElo "2032"]
[PlyCount "61"]
[EventDate "2010.07.06"]
[EventType "team-tourn"]
[EventRounds "9"]
[EventCountry "POL"]
[SourceTitle "EXT 2019"]
[Source "ChessBase"]
[SourceDate "2018.10.10"]
[SourceVersion "1"]
[SourceVersionDate "2018.10.10"]
[SourceQuality "1"]
[WhiteTeam "Wroclaw MUKS MDK Srodmiescie U19"]
[BlackTeam "Chrzanow UKS SP 8 U19"]
[WhiteTeamCountry "POL"]
[BlackTeamCountry "POL"]

1. d4 Nf6 2. Nf3 e6 3. Bf4 d5 4. e3 c5 5. c3 Nc6 6. Nbd2 h6 7. h3 a6 8. a4 Bd6 9. Bxd6 Qxd6 10. Be2 0-0 11. 0-0 Re8 12. Nb3 b6 13. c4 cxd4 14. cxd5 Nxd5 15. Nfxd4 Ncb4 16. Qd2 Ra7 17. Rac1 Rd8 18. Rfd1 Bd7 19. a5 Ba4 20. axb6 Qxb6 21. Ra1 Be8 22. Nf3 Raa8 23. Qd4 Qb8 24. Qe4 Rc8 25. Rac1 Rxc1 26. Nxc1 Bb5 27. Nd4 Bxe2 28. Ncxe2 Qb6 29. Nf4 Nxf4 30. Qxa8+ Kh7 31. exf4 1-0

[Event "Wroclaw op"]
[Site "Wroclaw"]
[Date "2010.02.13"]
[Round "9"]
[White "Wolska, Marta"]
[Black "Kresa, Jaroslaw"]
[Result "1-0"]
[WhiteElo "1651"]
[BlackElo "1733"]
[PlyCount "65"]
[EventDate "2010.02.08"]
[EventType "swiss"]
[EventRounds "9"]
[EventCountry "POL"]
[SourceTitle "CBM 134 Extra"]
[Source "ChessBase"]
[SourceDate "2010.03.03"]
[SourceVersion "1"]
[SourceVersionDate "2010.03.03"]
[SourceQuality "1"]

1. d4 Nf6 2. c4 g6 3. Nc3 Bg7 4. e4 d6 5. Be2 0-0 6. Bg5 Nc6 7. Qd2 Ne8 8. d5 Ne5 9. f4 Nd7 10. Nf3 Nc5 11. Nd4 f6 12. Bh4 e5 13. Nf3 exf4 14. Bf2 Nd7 15. Qxf4 f5 16. Bh4 Ndf6 17. exf5 Bxf5 18. Nd4 Bd7 19. 0-0 h6 20. Qe3 g5 21. Bg3 c6 22. Nf5 Bxf5 23. Rxf5 c5 24. Qe6+ Kh8 25. Nb5 Nd7 26. Raf1 Rxf5 27. Rxf5 a6 28. Nxd6 Nxd6 29. Bxd6 Nf8 30. Bxf8 Bxf8 31. Rf7 Rb8 32. Qg6 Bg7 33. Qxg7# 1-0

[Event "Wroclaw op"]
[Site "Wroclaw"]
[Date "2010.02.10"]
[Round "4"]
[White "Grela, Kacper"]
[Black "Wolska, Marta"]
[Result "1-0"]
[WhiteElo "1662"]
[BlackElo "1651"]
[PlyCount "51"]
[EventDate "2010.02.08"]
[EventType "swiss"]
[EventRounds "9"]
[EventCountry "POL"]
[SourceTitle "CBM 134 Extra"]
[Source "ChessBase"]
[SourceDate "2010.03.03"]
[SourceVersion "1"]
[SourceVersionDate "2010.03.03"]
[SourceQuality "1"]

1. e4 d5 2. exd5 Qxd5 3. Nc3 Qd6 4. Nf3 Nf6 5. h3 c6 6. d4 Nbd7 7. Bc4 g6 8. 0-0 Bg7 9. Be3 0-0 10. Qd2 Re8 11. a3 b5 12. Ba2 Ba6 13. Rfd1 Rad8 14. Bf4 e5 15. dxe5 Qxd2 16. Rxd2 Nh5 17. Bg5 c5 18. Bxd8 Rxd8 19. e6 fxe6 20. Bxe6+ Kf8 21. Rxd7 Rxd7 22. Bxd7 Bxc3 23. bxc3 Ke7 24. Bg4 Nf6 25. Re1+ Kf8 26. Re6 1-0